| 000 | 00347nam a22001457a 4500 | ||
|---|---|---|---|
| 020 | _a333152298 | ||
| 082 | _a320.94208BRO. | ||
| 100 | _aBROWN, KENNETH | ||
| 245 | _aESSAYS IN ANT- LABOUR HISTORY | ||
| 260 |
_aENGLAND _bMACMILLAN _c1974 |
||
| 300 |
_aVIII,408P. _bILL.:25CM. |
||
| 500 | _aINCLUDES INDEX | ||
| 650 | _aANTI- LABOUR | ||
| 942 | _cBK | ||
| 999 |
_c15655 _d15655 |
||